[Pracodawca wobec reformy ubezpieczen '99] [ubezpieczenia emerytalne, rentowe, chorobowe, wypadkowe, zdrowotne ...]

Salvato in:
Dettagli Bibliografici
Autore principale: Wisniewska, Eliza
Natura: Libro
Lingua:polacco
Pubblicazione: Warszawa INFOR 1999
Serie:Poradnik Prawny 7 ubezpieczenia
Soggetti:
Tags: Aggiungi Tag
Nessun Tag, puoi essere il primo ad aggiungerne!!

MARC

LEADER 00000nam a2200000 4500
001 c120318
005 20221221084637.6
020 |a 83-87936-33-2 
022 |a 1230-2864 
041 0 |a pol 
044 |a PL 
245 1 0 |a [Pracodawca wobec reformy ubezpieczen '99]  |b [ubezpieczenia emerytalne, rentowe, chorobowe, wypadkowe, zdrowotne ...]  |c Eliza Wisniewska 
264 1 |a Warszawa  |b INFOR  |c 1999 
300 |a 117 s. 
490 1 |a Poradnik Prawny 7  |v ubezpieczenia 
830 0 |a Poradnik Prawny 7  |v ubezpieczenia 
610 2 0 |a poradenstvo 
610 2 0 |a právo 
610 2 0 |a zamestnávatelia 
610 2 0 |a zamestnanci 
610 2 0 |a zabezpečenie dôchodkové 
610 2 0 |a zabezpečenie nemocenské 
610 2 0 |a zabezpečenie sociálne 
610 2 0 |a politika sociálna 
610 2 0 |a pracovníci 
610 2 0 |a Poľsko 
100 1 |a Wisniewska, Eliza